| 000 | 00411nam a2200145Ia 4500 | ||
|---|---|---|---|
| 008 | 230917s9999||||xx |||||||||||||| ||und|| | ||
| 040 |
_e48511 _aMAIN |
||
| 041 | _aEnglish | ||
| 082 | _a954.5 G869I | ||
| 100 | _aGrewal, T S | ||
| 245 | 0 | _aIn the by- lanes of history: some Persian documents from a Aunjab town | |
| 260 |
_aSimla _bIndian Institute of Advanced study _c1975 |
||
| 300 | _a381 p. | ||
| 942 | _cBK | ||
| 999 |
_c226693 _d226693 |
||